000 00269nam a22000977a 4500
008 250719b |||||||| |||| 00| 0 eng d
020 _a9789362390547
100 _aOswaal
_97599
245 _aOswaal CBSE Question Paper-X (Social Science)
260 _aNew Delhi
_bOswaal
_c2025
999 _c12789
_d12789